|
|
|
|
| LEADER |
00916nab#a2200313#ar4500 |
| 001 |
000076465 |
| 003 |
SVKKK |
| 005 |
20050809xxxxxxx. |
| 008 |
06 c xo huno |
| FMT |
|
|
|
| 038 |
|
|
|a SVKKK
|
| 040 |
|
|
|a SVKKK
|b slo
|e AACR2
|
| 041 |
0 |
|
|a hun
|
| 044 |
|
|
|a xo
|c SK
|
| 080 |
|
|
|a 371.213
|
| 242 |
1 |
0 |
|a Školské menovanie
|
| 245 |
0 |
0 |
|a Tanügyi kinevezés
|
| 500 |
|
|
|a Ex/Ro-75
|
| 520 |
2 |
|
|a Minister školstva tovarňanského učiteľa Miklósa Gardosa vymenoval za učiteľa na michalovskú štátnu ľudovú školu.
|
| 650 |
0 |
4 |
|a štátna ľudova škola, Michalovce - Gardos, Mikuláš (učiteľ) - vymenovanie úradné - Michalovce - september 1904 - správy
|
| 773 |
0 |
|
|t Felsö-Zemplén
|g Roč. 9, č. 38 (30.09.1904) s. 2
|
| 957 |
|
|
|a Michalovce
|
| 957 |
|
|
|a Tovarné
|
| 958 |
|
|
|a DG
|
| 958 |
|
|
|a SK
|
| 974 |
|
|
|a zuz
|d 20050809
|
| 992 |
|
|
|a RBX
|
| BAS |
|
|
|
| 998 |
|
|
|a RETRO
|